Theory of computation (Record no. 2183)

MARC details
000 -LEADER
fixed length control field 00523 a2200169 4500
001 - CONTROL NUMBER
control field 068527
003 - CONTROL NUMBER IDENTIFIER
control field OSt
005 - DATE AND TIME OF LATEST TRANSACTION
control field 20220218164924.0
008 - FIXED-LENGTH DATA ELEMENTS--GENERAL INFORMATION
fixed length control field
082 ## - DEWEY DECIMAL CLASSIFICATION NUMBER
Classification number 519.4
Item number K84T
100 1# - MAIN ENTRY--PERSONAL NAME
Personal name Kozen, Dexter C.
245 1# - TITLE STATEMENT
Title Theory of computation
Statement of responsibility, etc by Dexter C. Kozen
260 ## - PUBLICATION, DISTRIBUTION, ETC. (IMPRINT)
Place of publication, distribution, etc New York
Name of publisher, distributor, etc Springer
Date of publication, distribution, etc 2007
300 ## - PHYSICAL DESCRIPTION
Extent 418p.
653 ## - INDEX TERM--UNCONTROLLED
Uncontrolled term Computer science--Mathematics; Recursion theory; Computational complexity; Computer science; Computer software; Information theory
942 ## - ADDED ENTRY ELEMENTS (KOHA)
Source of classification or shelving scheme Dewey Decimal Classification
Koha item type Books
Holdings
Withdrawn status Lost status Source of classification or shelving scheme Damaged status Not for loan Collection code Home library Current library Date acquired Source of acquisition Cost, normal purchase price Total Checkouts Full call number Barcode Date last seen Price effective from Koha item type
    Dewey Decimal Classification     General Text Book Central University Of Rajasthan Central University Of Rajasthan 07/03/2012 CSC 595.00   519.4 K84T 2814 21/11/2024 02/09/2020 Books